Normal view
MARC view
Entry Topical Term
001 - CONTROL NUMBER
- control field: 80385
003 - CONTROL NUMBER IDENTIFIER
- control field: dpl
005 - DATE AND TIME OF LATEST TRANSACTION
- control field: 20250407123655.0
008 - FIXED-LENGTH DATA ELEMENTS
- fixed length control field: 250407|| aca||aabn | a|a d
040 ## - CATALOGING SOURCE
- Original cataloging agency: dpl
- Transcribing agency: dpl
150 ## - HEADING--TOPICAL TERM
- General subdivision:
- Geographic subdivision:
670 ## - SOURCE DATA FOUND
- Source citation: Work cat.: (dpl)210855: जयदेव सिंह 80384, भारतीय संगीत का इतिहास /, 2016,2022.
